Statistics for Name the Muppet!

Click here to take the quiz!

General Stats

  • This quiz has been taken 547 times
    (543 since last reset)
  • The average score is 7 of 11

Answer Stats

HintMuppet% Correct
A frog who fancys a pigKermit
99%
A pig who fancys a frogMiss Piggy
99%
'***** The Great'Gonzo
85%
A bear who tells 'unbearable' jokes (the answer is in the question!!)Fozzie Bear
83%
His assistant, who is always the guinea-pigBeaker
77%
A chef whose dishes always turn on their headsSwedish Chef
76%
The two old men who always watch the Muppet Show (Only one required)Statler/Waldorf
56%
A scientist who comes up with innovative inventionsDoctor Bunsen Honeydew
55%
A piano-playing dogRowlf
36%
A singer who always says his nameMahna Mahna
13%
The two creatures who accompany himThe Snowths
7%

Score Distribution

Percentile by Number Answered

Percent of People with Each Score

Your Score History

You have not taken this quiz since the last reset